000 00942cam a22002054a 4500
005 20250605164037.0
008 250528s ||||||||||||||||||||||||d
035 _a16872
020 _a9608516943
040 _aGR-AtMCL
_bgre
_dGR-AtMCL
_eAACR2
245 1 _aGolden Grammar Exercises / 4
250 _a3rd
260 _bGolden Series Editions,
_c1995
300 _a80
520 _aThis book contains selected activities conforming to the respective class syllabus. The Infinitive, Participles, Emphasis - Inversion, Would Rather - Had Better, Articles, Plurals, Relative Pronouns, Prepositions, Time, Questions, Adjectives - Adverbs, Prefixes - Suffixes, Passive Voice, Conditional Sentences, Indirect Questions, Causative, Mastering Word Distinctions, The Tenses, Prepositions, Phrasal Verbs, Irregular Verbs.
700 1 _aΓιαννακοπούλου Ελένη
_92957
942 _cBK
999 _c2324
_d2324